[Event "South America-ch U20"]
[Site "Asuncion"]
[Date "2013.05.21"]
[Round "7"]
[White "Ruiz Castillo, Joshua Daniel"]
[Black "Caceres Recalde, Fernando"]
[Result "1-0"]
[WhiteElo "2370"]
[BlackElo "2204"]
[PlyCount "89"]
[EventDate "2013.05.17"]
[EventType "swiss"]
[EventRounds "9"]
[EventCountry "PAR"]
[SourceTitle "CBM 154 Extra"]
[Source "ChessBase"]
[SourceDate "2013.06.25"]
[SourceVersion "2"]
[SourceVersionDate "2013.06.25"]
[SourceQuality "1"]

1. e4 c5 2. Nf3 d6 3. d4 cxd4 4. Nxd4 Nf6 5. Nc3 a6 6. Bg5 Nbd7 7. Bc4 Qa5 8. Qd2 e6 9. 0-0-0 b5 10. Bd5 b4 11. Bxa8 bxc3 12. Qe3 Ng4 13. Qg3 Qxg5+ 14. f4 Qh5 15. e5 dxe5 16. Qxc3 Bc5 17. Nb3 Be3+ 18. Kb1 0-0 19. Bf3 Bd4 20. Nxd4 exd4 21. Rxd4 Qf5 22. h3 Ngf6 23. g4 Qb5 24. Rhd1 Nb6 25. Rd8 Nfd5 26. Rxf8+ Kxf8 27. Bxd5 exd5 28. a4 Qc4 29. Qa3+ Kg8 30. Qd6 Nd7 31. b3 Qc5 32. Qxc5 Nxc5 33. Rxd5 Nd7 34. Rd6 Nf8 35. b4 f5 36. gxf5 Kf7 37. Rc6 Bxf5 38. Rxa6 Bxh3 39. b5 Ke7 40. a5 Nd7 41. c4 h5 42. Kb2 Be6 43. Kc3 h4 44. Ra8 Nf8 45. b6 1-0

[Event "South America-ch U20"]
[Site "Asuncion"]
[Date "2013.05.19"]
[Round "3"]
[White "Vazquez, Guillermo"]
[Black "Caceres Recalde, Fernando"]
[Result "1/2-1/2"]
[WhiteElo "2353"]
[BlackElo "2204"]
[PlyCount "38"]
[EventDate "2013.05.17"]
[EventType "swiss"]
[EventRounds "9"]
[EventCountry "PAR"]
[SourceTitle "CBM 154 Extra"]
[Source "ChessBase"]
[SourceDate "2013.06.25"]
[SourceVersion "2"]
[SourceVersionDate "2013.06.25"]
[SourceQuality "1"]

1. e4 c5 2. Nc3 Nc6 3. Nge2 e5 4. Nd5 g6 5. Nec3 a6 6. a4 Bg7 7. Bc4 Nge7 8. d3 0-0 9. Bg5 Kh8 10. Nxe7 Nxe7 11. Bxe7 Qxe7 12. Nd5 Qg5 13. Ne3 b6 14. h4 Qd8 15. h5 d6 16. Qf3 h6 17. hxg6 fxg6 18. Qe2 Bd7 19. Kf1 Qg5 1/2-1/2

[Event "Buenos Aires Duchamp Memorial op 5th"]
[Site "Buenos Aires"]
[Date "2013.03.25"]
[Round "4"]
[White "Slipak, Sergio"]
[Black "Caceres Recalde, Fernando"]
[Result "1/2-1/2"]
[WhiteElo "2438"]
[BlackElo "2235"]
[PlyCount "55"]
[EventDate "2013.03.23"]
[EventType "swiss"]
[EventRounds "8"]
[EventCountry "ARG"]
[SourceTitle "CBM 153 Extra"]
[Source "ChessBase"]
[SourceDate "2013.04.22"]
[SourceVersion "1"]
[SourceVersionDate "2013.04.22"]
[SourceQuality "1"]

1. e4 c5 2. Nc3 a6 3. g3 b5 4. Bg2 Bb7 5. d3 e6 6. Nf3 d6 7. 0-0 Nf6 8. e5 dxe5 9. Nxe5 Bxg2 10. Kxg2 Nbd7 11. Nxd7 Nxd7 12. d4 Nb6 13. Be3 c4 14. Qf3 Nd5 15. Rfe1 Ra7 16. Nxd5 Qxd5 17. Qxd5 exd5 18. Bd2+ Kd7 19. Re5 Kc6 20. Re8 g6 21. Bb4 Bg7 22. Rxh8 Bxh8 23. Bc5 Ra8 24. Re1 Bf6 25. Re3 Kd7 26. Rf3 Ke6 27. Re3+ Kd7 28. Rf3 1/2-1/2

[Event "American Continental 08th"]
[Site "Mar del Plata"]
[Date "2012.10.13"]
[Round "2"]
[White "Caceres Recalde, Fernando"]
[Black "Diaz Hollemaert, Nahuel Carlos"]
[Result "1/2-1/2"]
[WhiteElo "2159"]
[BlackElo "2408"]
[PlyCount "57"]
[EventDate "2012.10.12"]
[EventType "swiss"]
[EventRounds "11"]
[EventCountry "ARG"]
[SourceTitle "EXT 2013"]
[Source "ChessBase"]
[SourceDate "2012.11.22"]
[SourceVersion "1"]
[SourceVersionDate "2012.11.22"]
[SourceQuality "1"]

1. e4 c5 2. Nf3 Nc6 3. Nc3 Nf6 4. g3 e5 5. Bg2 d6 6. d3 h6 7. 0-0 g6 8. Nd2 Bg7 9. Nc4 0-0 10. Ne3 Nd4 11. f4 exf4 12. gxf4 Nh5 13. Ncd5 Be6 14. c3 Nc6 15. f5 Bxd5 16. Nxd5 Nf6 17. fxg6 fxg6 18. Nxf6+ Rxf6 19. Qb3+ Kh8 20. Rxf6 Qxf6 21. Qxb7 Rf8 22. Be3 Ne5 23. Rf1 Qh4 24. Rxf8+ Bxf8 25. Bf2 Qf4 26. Bg3 Qe3+ 27. Bf2 Qf4 28. Bg3 Qe3+ 29. Bf2 1/2-1/2

[Event "Buenos Aires-B"]
[Site "Buenos Aires"]
[Date "2012.02.09"]
[Round "6"]
[White "Paternoste, Martin"]
[Black "Caceres Recalde, Fernando"]
[Result "0-1"]
[WhiteElo "2052"]
[BlackElo "2164"]
[PlyCount "60"]
[EventDate "2012.02.06"]
[EventType "tourn"]
[EventRounds "9"]
[EventCountry "ARG"]
[SourceTitle "EXT 2014"]
[Source "ChessBase"]
[SourceDate "2013.11.20"]
[SourceVersion "1"]
[SourceVersionDate "2013.11.20"]
[SourceQuality "1"]

1. c4 c5 2. Nc3 Nc6 3. g3 g6 4. Bg2 Bg7 5. Nf3 e5 6. d3 Nge7 7. 0-0 0-0 8. a3 d6 9. Rb1 a5 10. b3 h6 11. Bb2 Be6 12. h3 d5 13. cxd5 Nxd5 14. Qd2 Nd4 15. Nxd5 Bxd5 16. Bxd4 exd4 17. Rfc1 b6 18. Ne1 Bxg2 19. Nxg2 Re8 20. Rc2 Qd7 21. h4 Re5 22. a4 Rae8 23. Re1 g5 24. hxg5 hxg5 25. e4 dxe3 26. Rxe3 Rxe3 27. Nxe3 Rd8 28. Nc4 Qxd3 29. Qxg5 Rd5 30. Qd2 Qf3 0-1

[Event "Wch U16"]
[Site "Caldas Novas"]
[Date "2011.11.23"]
[Round "6"]
[White "Caceres Recalde, Fernando"]
[Black "Menezes, Christoph"]
[Result "1/2-1/2"]
[WhiteElo "2137"]
[BlackElo "2263"]
[PlyCount "53"]
[EventDate "2011.11.18"]
[EventType "swiss"]
[EventRounds "9"]
[EventCountry "BRA"]
[SourceTitle "EXT 2013"]
[Source "ChessBase"]
[SourceDate "2012.11.22"]
[SourceVersion "1"]
[SourceVersionDate "2012.11.22"]
[SourceQuality "1"]

1. e4 e5 2. Nf3 Nc6 3. Bc4 Bc5 4. c3 Nf6 5. d3 a6 6. Bb3 d6 7. 0-0 0-0 8. Be3 Ba7 9. Nbd2 Ne7 10. Bxa7 Rxa7 11. Nh4 Be6 12. f4 exf4 13. Rxf4 Nd7 14. Bxe6 fxe6 15. Rxf8+ Nxf8 16. Qg4 Qd7 17. Rf1 Neg6 18. Ndf3 Nxh4 19. Qxh4 h6 20. d4 Ra8 21. d5 e5 22. Qg3 Nh7 23. Nh4 Ng5 24. Nf5 Kh8 25. Qg4 Rf8 26. h4 Nh7 27. Qg6 1/2-1/2

[Event "Buenos Aires Bolivar op 4th"]
[Site "Buenos Aires"]
[Date "2011.06.23"]
[Round "9"]
[White "Caceres Recalde, Fernando"]
[Black "Mayorga, Nicolas"]
[Result "0-1"]
[WhiteElo "2139"]
[BlackElo "2293"]
[PlyCount "116"]
[EventDate "2011.06.13"]
[EventType "swiss"]
[EventRounds "9"]
[EventCountry "ARG"]
[SourceTitle "EXT 2014"]
[Source "ChessBase"]
[SourceDate "2013.11.20"]
[SourceVersion "1"]
[SourceVersionDate "2013.11.20"]
[SourceQuality "1"]

1. e4 d6 2. d4 Nf6 3. Nc3 g6 4. Be3 c6 5. f3 b5 6. Qd2 Nbd7 7. 0-0-0 Nb6 8. Bd3 Rb8 9. Kb1 Nc4 10. Bxc4 bxc4 11. e5 Nd5 12. Nxd5 cxd5 13. exd6 e6 14. Bf4 Bxd6 15. Bxd6 Qxd6 16. Ne2 Ba6 17. Ka1 0-0 18. h4 Rb6 19. h5 Qc7 20. Rb1 Rfb8 21. hxg6 fxg6 22. Rhe1 Qb7 23. Qc3 Bb5 24. Nf4 Qf7 25. g3 Ba4 26. Nh3 Qf5 27. Nf4 Bxc2 28. Re5 Bxb1 29. Rxf5 Bxf5 30. g4 Rxb2 31. Qxb2 Rxb2 32. Kxb2 Bd3 33. Nxe6 Be2 34. g5 Bxf3 35. Kc3 Bg2 36. Nd8 h5 37. gxh6 g5 38. Kd2 Be4 39. Nc6 g4 40. Ke3 g3 41. Na5 Kh7 42. a4 Kxh6 43. Nc6 c3 44. Nb4 a5 45. Na2 c2 46. Nc1 Kg5 47. Ne2 Kg4 48. Kd2 Kf3 49. Ng1+ Kf2 50. Nh3+ Kf1 51. Nf4 g2 52. Nxg2 Kxg2 53. Kc1 Kf3 54. Kd2 Kf2 55. Kc1 Ke1 56. Kb2 Kd2 57. Kb3 c1Q 58. Ka2 Qb1+ 0-1

[Event "Buenos Aires Bolivar op 4th"]
[Site "Buenos Aires"]
[Date "2011.06.21"]
[Round "7"]
[White "Caceres Recalde, Fernando"]
[Black "Goldwaser, Romina"]
[Result "1-0"]
[WhiteElo "2139"]
[BlackElo "1975"]
[PlyCount "59"]
[EventDate "2011.06.13"]
[EventType "swiss"]
[EventRounds "9"]
[EventCountry "ARG"]
[SourceTitle "EXT 2014"]
[Source "ChessBase"]
[SourceDate "2013.11.20"]
[SourceVersion "1"]
[SourceVersionDate "2013.11.20"]
[SourceQuality "1"]

1. e4 c5 2. Nf3 d6 3. d4 cxd4 4. Nxd4 Nf6 5. Nc3 a6 6. g3 e5 7. Nde2 Be7 8. Bg2 0-0 9. 0-0 Nc6 10. h3 Qc7 11. g4 h6 12. Ng3 Rd8 13. Nd5 Nxd5 14. exd5 Na5 15. b3 b5 16. Be3 Nb7 17. Qd2 Bf8 18. Rac1 a5 19. Qe2 Bd7 20. c4 b4 21. Kh2 Nc5 22. f4 exf4 23. Rxf4 a4 24. Rcf1 Be8 25. Ne4 Nxe4 26. Bxe4 Be7 27. R4f2 Bh4 28. Rf3 Qe7 29. Bd4 Qc7 30. Bb1 1-0

[Event "Buenos Aires Bolivar op 4th"]
[Site "Buenos Aires"]
[Date "2011.06.15"]
[Round "3"]
[White "Garavagno, Martin"]
[Black "Caceres Recalde, Fernando"]
[Result "0-1"]
[WhiteElo "1782"]
[BlackElo "2139"]
[PlyCount "86"]
[EventDate "2011.06.13"]
[EventType "swiss"]
[EventRounds "9"]
[EventCountry "ARG"]
[SourceTitle "EXT 2014"]
[Source "ChessBase"]
[SourceDate "2013.11.20"]
[SourceVersion "1"]
[SourceVersionDate "2013.11.20"]
[SourceQuality "1"]

1. e4 c5 2. Nf3 d6 3. d4 cxd4 4. Nxd4 Nf6 5. Nc3 a6 6. Be2 e5 7. Nf3 Be7 8. Bg5 Be6 9. Bxf6 Bxf6 10. Nd5 Nd7 11. 0-0 0-0 12. c4 Nc5 13. Nxf6+ Qxf6 14. Qxd6 Nxe4 15. Qxe5 Qxe5 16. Nxe5 f6 17. Bg4 Bxg4 18. Nxg4 Rfd8 19. Rfd1 Rac8 20. Ne3 Kf7 21. Rd5 Rxd5 22. cxd5 g6 23. Kf1 f5 24. g3 Ke7 25. f4 Kd6 26. Ke2 h5 27. Rd1 b5 28. Rd3 Rc1 29. Ra3 Nc5 30. b4 Na4 31. h4 Rc3 32. Rb3 Rxb3 33. axb3 Nc3+ 34. Kf3 Na2 35. Nc2 Kxd5 36. Ke3 Ke6 37. Kd4 Kd6 38. Ke3 Kd5 39. Kd2 Ke4 40. Ke2 Nc1+ 41. Kf2 Nxb3 42. Ne1 Nd4 43. Ng2 Nc2 0-1

[Event "Mar del Plata op 42nd"]
[Site "Mar del Plata"]
[Date "2011.04.17"]
[Round "3"]
[White "Barrionuevo, Pablo"]
[Black "Caceres Recalde, Fernando"]
[Result "0-1"]
[WhiteElo "2321"]
[BlackElo "2019"]
[PlyCount "74"]
[EventDate "2011.04.16"]
[EventType "swiss"]
[EventRounds "9"]
[EventCountry "ARG"]
[SourceTitle "EXT 2012"]
[Source "ChessBase"]
[SourceDate "2011.11.24"]
[SourceVersion "1"]
[SourceVersionDate "2011.11.24"]
[SourceQuality "1"]

1. d4 Nf6 2. c4 g6 3. Nc3 Bg7 4. e4 d6 5. f3 0-0 6. Be3 Nbd7 7. Qd2 c5 8. Nh3 a6 9. Nf2 h5 10. Be2 cxd4 11. Bxd4 Ne5 12. 0-0 Be6 13. b3 Nc6 14. Be3 Qa5 15. Rfc1 Nh7 16. a3 f5 17. b4 Qe5 18. f4 Qf6 19. exf5 Bxf5 20. Nd5 Qf7 21. Ra2 e5 22. b5 Nd4 23. Bxd4 exd4 24. Bf3 Kh8 25. Re1 Rae8 26. bxa6 bxa6 27. Raa1 Nf6 28. Rac1 Nxd5 29. cxd5 Rxe1+ 30. Rxe1 Re8 31. Re2 Rc8 32. g3 Qc7 33. Ne4 d3 34. Qxd3 Qb6+ 35. Kg2 Rc1 36. Qe3 Qxe3 37. Rxe3 Bd4 0-1

[Event "Pan American U14"]
[Site "Bento Goncalves"]
[Date "2010.08.05"]
[Round "6"]
[White "Novoa, Fernando"]
[Black "Caceres Recalde, Fernando"]
[Result "1-0"]
[WhiteElo "1927"]
[BlackElo "1942"]
[PlyCount "116"]
[EventDate "2010.08.02"]
[EventType "swiss"]
[EventRounds "9"]
[EventCountry "BRA"]
[SourceTitle "EXT 2013"]
[Source "ChessBase"]
[SourceDate "2012.11.22"]
[SourceVersion "1"]
[SourceVersionDate "2012.11.22"]
[SourceQuality "1"]

1. d4 Nf6 2. c4 g6 3. Nc3 Bg7 4. e4 d6 5. Be2 0-0 6. Bg5 Na6 7. Qd2 e5 8. d5 c6 9. Bd1 cxd5 10. cxd5 Bd7 11. Nge2 b5 12. a3 Nc5 13. f3 a5 14. 0-0 b4 15. Na2 Qb6 16. Be3 Rfc8 17. Rc1 b3 18. Nac3 a4 19. Ng3 h5 20. Be2 h4 21. Nh1 Nh5 22. g3 hxg3 23. hxg3 f5 24. exf5 gxf5 25. f4 Nf6 26. fxe5 dxe5 27. Bd3 f4 28. gxf4 e4 29. Bc4 Qd6 30. f5 Kf7 31. Bf4 Bh6 32. Bxh6 Rg8+ 33. Kf2 e3+ 34. Kxe3 Rae8+ 35. Kf3 Ng4 36. Bf4 Ne5+ 37. Kf2 Qb6 38. d6+ Nxc4 39. Qd5+ Ne6+ 40. Ke1 Rg1 41. Nf2 Kf8 42. fxe6 Rxe6+ 43. Qxe6 Rxf1+ 44. Kxf1 Bxe6 45. Bh6+ Ke8 46. Nce4 Nxd6 47. Re1 Nxe4 48. Rxe4 Kd7 49. Be3 Bc4+ 50. Ke1 Qa5+ 51. Bd2 Qd5 52. Bc3 Kc6 53. Rd4 Qe6+ 54. Re4 Qg8 55. Ng4 Kc5 56. Bd4+ Kb5 57. Bc3 Bd5 58. Re5 Kc5 1-0

[Event "Pan American U14"]
[Site "Bento Goncalves"]
[Date "2010.08.03"]
[Round "3"]
[White "Caceres Recalde, Fernando"]
[Black "Cuellar, Diego"]
[Result "1-0"]
[WhiteElo "1942"]
[BlackElo "2127"]
[PlyCount "119"]
[EventDate "2010.08.02"]
[EventType "swiss"]
[EventRounds "9"]
[EventCountry "BRA"]
[SourceTitle "EXT 2013"]
[Source "ChessBase"]
[SourceDate "2012.11.22"]
[SourceVersion "1"]
[SourceVersionDate "2012.11.22"]
[SourceQuality "1"]

1. e4 e5 2. Nf3 Nc6 3. Bc4 Bc5 4. c3 Nf6 5. d3 0-0 6. Bb3 h6 7. 0-0 d5 8. exd5 Nxd5 9. Nbd2 Re8 10. Ne4 Bf8 11. Bxh6 f5 12. Bg5 Qd7 13. c4 fxe4 14. cxd5 Na5 15. dxe4 Nxb3 16. Qxb3 Bd6 17. Nd2 Qg4 18. Qg3 Qxg3 19. hxg3 b6 20. Nc4 Bc5 21. Rfe1 Ba6 22. Rac1 Rac8 23. Be3 Bb4 24. Red1 Bb7 25. a3 Bf8 26. f3 Bd6 27. Rd2 Ba6 28. Rdc2 Bf8 29. Bf2 c6 30. Ne3 cxd5 31. Rxc8 Rxc8 32. Rxc8 Bxc8 33. Nxd5 Ba6 34. b4 Bc4 35. Be1 Kf7 36. Bc3 Ke6 37. Ne3 Bd3 38. Ng4 Bd6 39. Kf2 g6 40. Ke3 Bf1 41. Nh2 Bc4 42. f4 exf4+ 43. gxf4 a5 44. Nf3 axb4 45. axb4 b5 46. g4 Bc7 47. f5+ gxf5 48. exf5+ Kf7 49. g5 Bd6 50. g6+ Kg8 51. f6 Bf8 52. Ne5 Bh6+ 53. Kd4 Be6 54. Kc5 Bf5 55. Kxb5 Bf4 56. Kc5 Bg5 57. f7+ Kf8 58. b5 Bf4 59. Kd5 Bxe5 60. Bb4+ 1-0

[Event "ARG-ch U20"]
[Site "Argentina"]
[Date "2010.04.29"]
[Round "4"]
[White "Martinez de Negri, Agustin Gonzalo"]
[Black "Caceres Recalde, Fernando"]
[Result "0-1"]
[WhiteElo "2001"]
[BlackElo "1947"]
[PlyCount "73"]
[EventDate "2010.04.28"]
[EventType "swiss"]
[EventRounds "7"]
[EventCountry "ARG"]
[SourceTitle "EXT 2012"]
[Source "ChessBase"]
[SourceDate "2011.11.24"]
[SourceVersion "1"]
[SourceVersionDate "2011.11.24"]
[SourceQuality "1"]

1. f4 c5 2. Nf3 g6 3. e3 Bg7 4. d4 cxd4 5. exd4 Nf6 6. Bd3 0-0 7. 0-0 Nc6 8. c3 d6 9. b3 e5 10. fxe5 dxe5 11. dxe5 Ng4 12. Qc2 Ncxe5 13. Nxe5 Nxe5 14. Be4 Be6 15. Kh1 f5 16. Bxb7 Rb8 17. Bf3 g5 18. Ba3 Rf7 19. Nd2 g4 20. Be2 f4 21. Nc4 Qh4 22. Nxe5 Bxe5 23. Bc4 Bxc4 24. bxc4 Rb6 25. Bc5 Rh6 26. Bg1 f3 27. gxf3 Bxh2 28. Bxh2 g3 29. Qg2 Qf4 30. Rg1 Rg7 31. Raf1 Rxh2+ 32. Qxh2 gxh2 33. Rxg7+ Kxg7 34. Rf2 h5 35. Rxh2 Qxf3+ 36. Rg2+ Kf6 37. Kg1 0-1

[Event "ARG-ch U20"]
[Site "Argentina"]
[Date "2010.04.28"]
[Round "1"]
[White "Caceres Recalde, Fernando"]
[Black "Fernandez, Maria Florencia"]
[Result "0-1"]
[WhiteElo "1947"]
[BlackElo "2097"]
[PlyCount "104"]
[EventDate "2010.04.28"]
[EventType "swiss"]
[EventRounds "7"]
[EventCountry "ARG"]
[SourceTitle "EXT 2012"]
[Source "ChessBase"]
[SourceDate "2011.11.24"]
[SourceVersion "1"]
[SourceVersionDate "2011.11.24"]
[SourceQuality "1"]

1. e4 d6 2. d4 Nf6 3. Nc3 g6 4. Be3 Bg7 5. f3 c6 6. Qd2 b5 7. 0-0-0 b4 8. Nce2 a5 9. Kb1 Qc7 10. g4 Nbd7 11. Nc1 Rb8 12. Nd3 Nb6 13. b3 Bxg4 14. Bg2 Bc8 15. Ne2 h5 16. h4 Nfd7 17. Bh3 Nf6 18. Bg2 Ba6 19. Nec1 Nbd7 20. f4 Ng4 21. e5 Nb6 22. Rhe1 Bc8 23. d5 Nxe3 24. Qxe3 Nxd5 25. Bxd5 cxd5 26. Ne2 Bg4 27. Rd2 dxe5 28. fxe5 Rc8 29. Nd4 Bh6 30. Nf4 Qc3 31. Rd3 Bxf4 32. Rxc3 Bxe3 33. Rcxe3 0-0 34. e6 f6 35. Rd3 Rc5 36. Kb2 Rfc8 37. Rd2 Kg7 38. a3 bxa3+ 39. Kxa3 Kh6 40. Re3 g5 41. Kb2 gxh4 42. Nf3 Bxf3 43. Rxf3 Rg8 44. Rfd3 Rg3 45. Rd4 h3 46. Rh4 Rg2 47. Kc1 Rc3 48. Kb2 Kg5 49. Rhd4 Rxd2 50. Rxd2 Re3 51. Rxd5+ f5 52. Rxa5 Re1 0-1

[Event "Villa Ballester Verano op 60th"]
[Site "Villa Ballester"]
[Date "2010.01.22"]
[Round "2"]
[White "Krysa, Leandro Sergio"]
[Black "Caceres Recalde, Fernando"]
[Result "1/2-1/2"]
[WhiteElo "2246"]
[BlackElo "1935"]
[PlyCount "132"]
[EventDate "2010.01.20"]
[EventType "swiss"]
[EventRounds "9"]
[EventCountry "ARG"]
[SourceTitle "CBM 134 Extra"]
[Source "ChessBase"]
[SourceDate "2010.03.03"]
[SourceVersion "1"]
[SourceVersionDate "2010.03.03"]
[SourceQuality "1"]

1. d4 Nf6 2. c4 g6 3. Nc3 Bg7 4. e4 d6 5. Nf3 0-0 6. Be2 e5 7. 0-0 Nh5 8. g3 Bh3 9. Re1 exd4 10. Nxd4 Nf6 11. Bg5 Nc6 12. Nxc6 bxc6 13. Qd2 Qe7 14. Qf4 Qe6 15. Bd1 Ng4 16. Bxg4 Qxg4 17. Rac1 Qh5 18. Qh4 Qxh4 19. gxh4 f5 20. b3 Rae8 21. Bd2 Bd4 22. Bh6 Rf7 23. Ne2 Be5 24. exf5 Bxf5 25. Ng3 Rc8 26. Kg2 Bg7 27. Bxg7 Kxg7 28. h5 g5 29. Re3 Rcf8 30. f3 h6 31. Rce1 Bc8 32. h3 Bb7 33. c5 d5 34. Re7 Bc8 35. R1e3 Kf6 36. Rxf7+ Kxf7 37. Ne2 Bd7 38. Kg3 Kf6 39. Nd4 Rb8 40. a3 Rf8 41. f4 Rg8 42. f5 Rg7 43. b4 Rh7 44. a4 a6 45. b5 axb5 46. axb5 cxb5 47. c6 Bc8 48. Re8 Ba6 49. Ra8 Ke5 50. Nf3+ Kxf5 51. Rxa6 Ke4 52. Ra1 Kd3 53. Rb1 Kc4 54. Rc1+ Kb4 55. Nd4 Re7 56. Nf5 Re6 57. Rb1+ Kc4 58. Rc1+ Kb4 59. Kf3 Rf6 60. Kg4 d4 61. Rd1 Kc3 62. Rc1+ Kb4 63. Ne7 Rd6 64. Nf5 Rf6 65. Ne7 Rd6 66. Nf5 Rf6 1/2-1/2